| 000 | 00913nam a2200265 i 4500 | ||
|---|---|---|---|
| 008 | |||
| 020 | _a0721645372 (hbk. ) | ||
| 049 | _aMAIN | ||
| 090 | 0 |
_aRJ399.C25 _bHAR |
|
| 100 | 1 | _aHarrison, Harold E. | |
| 245 | 1 | 0 |
_aDisorders of calcium and phosphate metabolism in childhood and adolescence / _cby Harold E. Harrison, Helen C. Harrison. |
| 260 |
_aPhiladelphia : _bSaunders, _c1979. |
||
| 300 |
_axi, 314 p. : _bill. ; _c27 cm. |
||
| 440 | 0 |
_aMajor problems in clinical pediatrics ; _v20 |
|
| 500 | _aIncludes index. | ||
| 504 | _aIncludes bibliographical references. | ||
| 650 | 0 | _aCalcium metabolism disorders in children. | |
| 650 | 0 | _aPhosphorus metabolism disorders in children. | |
| 700 | 1 | _aHarrison, Helen C. | |
| 907 |
_a.b10327617 _b21-02-13 _c20-02-13 |
||
| 003 | |||
| 005 | 20230120204119.0 | ||
| 040 | _cNUST | ||
| 942 |
_cBOOKS _kRJ399.C25 _mHAR |
||
| 999 |
_c117354 _d117354 |
||